000 00696nam a2200205Ia 4500
003 GCL
008 140319s9999 xx 000 0 ara d
040 _aGCL /
_cGCL
082 0 4 _a810.8
_bم ف
100 1 _aعبدالعزيز الميمنى
245 1 0 _aالفاضل /
_cعبدالعزيز الميمنى
700 1 _aالمبرد: ابوالعباس محمد بن يزيد بن عبدالاكبر بن عمير بن حسان الثالى الازدى
260 _a[S.N] :
_bدار الكتب المصرية ،
_c1995
300 _a165 ص
490 _a
650 0 4 _aالشعر العربى
650 0 4 _aالادب العربى
650 0 4 _aالمجموعات
942 _2ddc
_cBK
999 _c36509
_d36509